| 000 | 00835nam a22001931a 4500 | ||
|---|---|---|---|
| 003 | NEGST | ||
| 005 | 20110718115603.0 | ||
| 008 | 030714s2000 001 0 eng d | ||
| 100 | 1 | _aMattah, Naphtaly P. O. | |
| 245 | 1 | 4 |
_aThe structure and function of ideophones in the SUBA language _cNaphtaly P. O. Mattah. _h[Text] |
| 260 |
_aNairobi, Kenya.] _b[NEGST _c2000 |
||
| 300 | _aviii, 61p. | ||
| 440 | _aThesis (M.A. Translation Studies) Nairobi Evangelical Graduate School of Theology (Kenya) | ||
| 500 | _aIncludes bibliographical references Thesis (M.A. Translation Studies) - NEGST, Nairobi [Africana] | ||
| 590 | _aIncludes bibliographical references Thesis (M.A. Translation Studies) - NEGST, Nairobi [Africana] | ||
| 650 | 0 |
_aSuba _xAfrican language _xIdeophones. |
|
| 650 | 0 |
_aIdeophones _xAfrican language _xSuba. |
|
| 999 |
_c277 _d277 |
||